000 00542ntaaa2200193 4500
003 01
005 20251027203120.0
008 0714s1973 ag 01
040 _aAR-BaBN
_bspa
_cAR-BaBN
_eaacr
_dRIC
082 _a070.4000 As4
100 _aASIT
_932710
245 _aLa historia de la iglesia.
250 _a1 ed.
260 _aMontevideo :
_bAsociación Sudamericana de Instituciones Teológicas,
_cn.f.
300 _as.p.
500 _aComo preparar y escribir la historia de la iglesia.
650 _aPeriodismo Cristiano
942 _cBK
999 _c26598
_d26598